| 000 | 00830nac a22002657a 4500 | ||
|---|---|---|---|
| 001 | BR7310901 | ||
| 003 | BR-BrBNA | ||
| 005 | 20240105113623.0 | ||
| 008 | 230509b bl.|||m| |||| 00| 0 por d | ||
| 040 |
_aBR-BrBNA _bpor _cBiblioteca Nacional de Agricultura |
||
| 072 | _aE70 | ||
| 090 | _a2120 BR7310901 | ||
| 110 | 1 | _aInstituto Brasileiro do Cafe, Rio de Janeiro, GB (Brasil). Div. de Mercados | |
| 245 | 1 | _aO mercado de cafe na Franca | |
| 260 | 3 |
_aRio de Janeiro, GB (Brasil): _c1973. |
|
| 300 | _a19 p. | ||
| 490 |
_aEstudos de Mercados - Instituto Brasileiro do Cafe. Div. de Mercados (Brazil) _vno. 10 _x |
||
| 650 | _aCAFE | ||
| 650 | _aMERCADO INTERNACIONAL | ||
| 650 | _aIMPORTACAO | ||
| 650 | _aEXPORTACAO | ||
| 650 | _aFRANCA | ||
| 909 |
_a202312 _bLúcia Elande _c55 _dLúcia Elande |
||
| 942 |
_2AGRIS _n0 _cMS |
||
| 999 |
_c264691 _d264691 |
||